|
|
|
|
| LEADER |
00000naa2a2200000 4500 |
| 001 |
177998 |
| 005 |
20241009121116.0 |
| 035 |
|
|
|a (RuTPU)RU\TPU\book\192980
|
| 090 |
|
|
|a 177998
|
| 100 |
|
|
|a 20100331d2008 k y0rusy50 ca
|
| 101 |
0 |
|
|a rus
|
| 102 |
|
|
|a RU
|
| 200 |
1 |
|
|a Особенности коры выветривания Ольховско-Чибижекского района
|f И. В. Мартыненко
|g науч. рук. А. К. Мазуров
|
| 320 |
|
|
|a Библиогр.: 2 назв.
|
| 463 |
|
0 |
|0 (RuTPU)RU\TPU\book\164908
|y 5-89503-079-3
|t Проблемы геологии и освоения недр
|o труды XII Международного симпозиума имени академика М. А. Усова студентов и молодых ученых, посвященного 100-летию первого выпуска горных инженеров в Сибири и 90-летию создания Сибгеолкома в России
|f Томский политехнический университет (ТПУ), Институт геологии и нефтегазового дела (ИГНД)
|v С. 116-117
|d 2008
|p 944 с.
|
| 610 |
1 |
|
|a кора выветривания
|
| 610 |
1 |
|
|a Ольховско-Чибижекский рудный район
|
| 610 |
1 |
|
|a Восточный Саян
|
| 610 |
1 |
|
|a труды учёных ТПУ
|
| 700 |
|
1 |
|a Мартыненко
|b И. В.
|c геолог
|c старший преподаватель Томского политехнического университета
|f 1984-
|g Ирина Владимировна
|3 (RuTPU)RU\TPU\pers\28197
|9 13151
|
| 702 |
|
1 |
|a Мазуров
|b А. К.
|c горный инженер геолог
|c профессор-консультант Томского политехнического университета, доктор геолого-минералогических наук
|f 1951-
|g Алексей Карпович
|3 (RuTPU)RU\TPU\pers\26068
|4 727
|9 11906
|
| 801 |
|
1 |
|a RU
|b 63413507
|c 20100331
|
| 801 |
|
2 |
|a RU
|b 63413507
|c 20120327
|g RCR
|
| 942 |
|
|
|c BK
|